000 00950nam a2200265Ia 4500
003 OSt
005 20221005111047.0
006 a|||||r|||| 00| 0
007 ta
008 221004b |||||||| |||| 00| 0 hin d
020 _a9788183616423 (hbk)
_c600
024 _a15538
037 _bBR6203, 25/12/2014, Rajkamal Prakashan Pvt. Ltd.
_cTextual
040 _aCRL
_cCRL
_bhin
041 _2hin
_ahin
082 _aY15:(W:5), 152Q4
100 _aमेहरोत्रा, ममता
245 0 _aमहिला अधिकार
246 _aMahilā adhikāra
260 _aनई दिल्ली
_bराधाकृष्ण भारत
_c2014
300 _a123पृ0
_ccm.
650 _aभारतीय-लोक साहित्य
942 _hY15:(W:5), 152Q4
_cTEXL
_2cc
999 _c1020678
_d1020678